<?xml version="1.0" encoding="UTF-8"?>
<collection xmlns="http://www.loc.gov/MARC21/slim">
 <record>
  <leader>00956nam a2200241 a 4500</leader>
  <controlfield tag="001">010467127-0</controlfield>
  <controlfield tag="008">091029r20001976ii            000 0 eng d</controlfield>
  <datafield tag="999" ind1=" " ind2=" ">
   <subfield code="c">5421</subfield>
   <subfield code="d">5421</subfield>
  </datafield>
  <datafield tag="020" ind1=" " ind2=" ">
   <subfield code="a">0706999223</subfield>
  </datafield>
  <datafield tag="040" ind1=" " ind2=" ">
   <subfield code="a">SINTU</subfield>
   <subfield code="c">SINTU</subfield>
   <subfield code="d">SINTU</subfield>
  </datafield>
  <datafield tag="082" ind1="0" ind2="0">
   <subfield code="a">346.54066</subfield>
  </datafield>
  <datafield tag="100" ind1="1" ind2=" ">
   <subfield code="a">Bagrial, Ashok K.</subfield>
   <subfield code="9">32801</subfield>
  </datafield>
  <datafield tag="245" ind1="0" ind2="0">
   <subfield code="a">Company law :</subfield>
   <subfield code="b">incorporating the Companies Amendment Act, 1999 /</subfield>
   <subfield code="c">by  Ashok K. Bagrial.</subfield>
  </datafield>
  <datafield tag="250" ind1=" " ind2=" ">
   <subfield code="a">10th rev. ed.</subfield>
  </datafield>
  <datafield tag="260" ind1=" " ind2=" ">
   <subfield code="a">New Delhi :</subfield>
   <subfield code="b">Vikas Pub. House,</subfield>
   <subfield code="c">1976.[Reprinted 2000]</subfield>
  </datafield>
  <datafield tag="300" ind1=" " ind2=" ">
   <subfield code="a">xxxi, 472 p. ;</subfield>
   <subfield code="c">22 cm.</subfield>
  </datafield>
  <datafield tag="500" ind1=" " ind2=" ">
   <subfield code="a">&quot;1st edition, 2001&quot;--T.p. verso </subfield>
  </datafield>
  <datafield tag="504" ind1=" " ind2=" ">
   <subfield code="a">Includes bibliographical references.</subfield>
  </datafield>
  <datafield tag="541" ind1="1" ind2=" ">
   <subfield code="e">00011119</subfield>
  </datafield>
  <datafield tag="650" ind1=" " ind2="0">
   <subfield code="a">Corporation law</subfield>
   <subfield code="z">India.</subfield>
   <subfield code="9">32802</subfield>
  </datafield>
  <datafield tag="852" ind1="4" ind2=" ">
   <subfield code="a">Ayesha Abed Library</subfield>
   <subfield code="j">General Shelf</subfield>
  </datafield>
  <datafield tag="942" ind1="0" ind2="0">
   <subfield code="0">1</subfield>
   <subfield code="2">ddc</subfield>
   <subfield code="c">BK</subfield>
  </datafield>
  <datafield tag="952" ind1=" " ind2=" ">
   <subfield code="0">0</subfield>
   <subfield code="1">4</subfield>
   <subfield code="2">ddc</subfield>
   <subfield code="4">0</subfield>
   <subfield code="6">346_540000000000000_BAG</subfield>
   <subfield code="7">0</subfield>
   <subfield code="9">5291</subfield>
   <subfield code="a">BRACUL</subfield>
   <subfield code="b">BRACUL</subfield>
   <subfield code="c">GEN</subfield>
   <subfield code="d">2009-11-11</subfield>
   <subfield code="g">135.00</subfield>
   <subfield code="l">13</subfield>
   <subfield code="m">123</subfield>
   <subfield code="o">346.54 BAG</subfield>
   <subfield code="p">3010011119</subfield>
   <subfield code="r">2018-01-16</subfield>
   <subfield code="s">2017-09-23</subfield>
   <subfield code="t">1</subfield>
   <subfield code="w">2009-11-11</subfield>
   <subfield code="y">BK</subfield>
   <subfield code="x">Koha Inventory 2020</subfield>
  </datafield>
 </record>
</collection>
